Bài tập lịch sử 12 nâng cao
Quyển sách gồm 2 phần: Lịch sử thế giới hiện đại từ năm 1945 đến năm 2000 và lịch sửc Việt Nam từ năm 1919 đến 2000. Quyển sách này giúp cho các em học sinh lớp 12 hiểu hơn về lịch sử thế giới và lịch sử Việt Nam thông qua các bài tập...
Gespeichert in:
| 1. Verfasser: | |
|---|---|
| Format: | Buch |
| Sprache: | Undetermined |
| Veröffentlicht: |
Hà Nội
Giáo dục
2008
|
| Schlagworte: | |
| Tags: |
Tag hinzufügen
Keine Tags, Fügen Sie den ersten Tag hinzu!
|
| Thư viện lưu trữ: | Trung tâm Học liệu Trường Đại học Cần Thơ |
|---|
| LEADER | 01028nam a2200217Ia 4500 | ||
|---|---|---|---|
| 001 | CTU_182325 | ||
| 008 | 210402s9999 xx 000 0 und d | ||
| 020 | |c 11000 | ||
| 082 | |a 907.12 | ||
| 082 | |b Đ250 | ||
| 100 | |a Trần, Bá Đệ | ||
| 245 | 0 | |a Bài tập lịch sử 12 nâng cao | |
| 245 | 0 | |c Trần Bá Đệ chủ biên | |
| 260 | |a Hà Nội | ||
| 260 | |b Giáo dục | ||
| 260 | |c 2008 | ||
| 520 | |a Quyển sách gồm 2 phần: Lịch sử thế giới hiện đại từ năm 1945 đến năm 2000 và lịch sửc Việt Nam từ năm 1919 đến 2000. Quyển sách này giúp cho các em học sinh lớp 12 hiểu hơn về lịch sử thế giới và lịch sử Việt Nam thông qua các bài tập thực hành và những câu hỏi trả lời ngắn. | ||
| 650 | |a History | ||
| 650 | |x Study and teaching (Secondary) | ||
| 904 | |i Bằng | ||
| 980 | |a Trung tâm Học liệu Trường Đại học Cần Thơ | ||